LIBRARY & INFORMATION CENTRE, KCAET, TAVANUR

ONLINE PUBLIC ACCESS CATALOGUE (OPAC)

Cereals processing and nutritional quality (Record no. 15454)

MARC details
000 -LEADER
fixed length control field 00349nam a22001337a 4500
020 ## - INTERNATIONAL STANDARD BOOK NUMBER
ISBN 9789380235073
082 ## - DEWEY DECIMAL CLASSIFICATION NUMBER
Classification number 664.7
Item number RAM/CE
100 ## - MAIN ENTRY--AUTHOR NAME
Personal name Ram ,sewa
245 ## - TITLE STATEMENT
Title Cereals processing and nutritional quality
260 ## - PUBLICATION, DISTRIBUTION, ETC. (IMPRINT)
Place of publication New delhi ;
Name of publisher New india publishing agency ,
Year of publication 2010 .
300 ## - PHYSICAL DESCRIPTION
Number of Pages 326p.,
700 ## - ADDED ENTRY--PERSONAL NAME
Personal name Mishra ,B .
942 ## - ADDED ENTRY ELEMENTS (KOHA)
Koha item type Books
Holdings
Withdrawn status Lost status Damaged status Home library Current library Date acquired Cost, normal purchase price Full call number Accession Number Koha item type
      KAUAET KAUAET 05/06/2018 2250.00 664.7 RAM/CE 25729 Books
free website counter